000 00355nam a2200145Ia 4500
008 230917s9999||||xx |||||||||||||| ||und||
040 _e117888
_aMAIN
041 _aEnglish
082 _a581.16 V691P
100 _aDas, L.D. Vijendra
245 0 _aPlant breeding
260 _aNew Delhi
_bNew Age International
_c1998
300 _a334p. p.
942 _cBK
999 _c92745
_d92745